000 00467nam a2200181Ia 4500
001 11326
005 20260306162820.0
008 260306t1974||||xx |||||||||||||| ||spa||
041 _aESP
082 _a985.03
_bS73
100 _aSpalding, karen
_eAUT
245 0 _aDe indio a campesino:
_bcambios en la estructura social del Perú colonial
260 _c1974
300 _a258 páginas :
_c20 cm.
650 _aGEN
654 _aCHU
942 _cLIB
_dJUS
_fJUS
_2ddc
_n
999 _c11326
_d11326